[Event "GER-ch U18"]
[Site "Willingen"]
[Date "2019.06.09"]
[Round "1"]
[White "Kuznecovs, Nikita"]
[Black "Rockmann, Jan Okke"]
[Result "1-0"]
[WhiteElo "2317"]
[BlackElo "1816"]
[PlyCount "75"]
[EventDate "2019.06.09"]
[EventType "swiss"]
[EventRounds "9"]
[EventCountry "GER"]
[SourceTitle "CBM 190 Extra"]
[Source "ChessBase"]
[SourceDate "2019.07.15"]
[SourceVersion "1"]
[SourceVersionDate "2019.07.15"]
[SourceQuality "1"]

1. e4 e5 2. Nf3 Nc6 3. d4 exd4 4. Nxd4 Bb4+ 5. c3 Bc5 6. Nxc6 bxc6 7. Bd3 d6 8. 0-0 Ne7 9. Bg5 f6 10. Bh4 Ng6 11. Bg3 0-0 12. Nd2 Bb6 13. a4 f5 14. a5 f4 15. axb6 cxb6 16. Nc4 Be6 17. Qh5 b5 18. Nd2 fxg3 19. hxg3 Ne5 20. Be2 Qb6 21. Qg5 Rf6 22. Nf3 h6 23. Qd2 Nxf3+ 24. gxf3 a5 25. Qd4 c5 26. Qd2 a4 27. Rfc1 Ra7 28. f4 Rf8 29. Rd1 Rd8 30. Qe3 Bb3 31. Rd2 Re7 32. Bf3 Qc7 33. Bg2 Rde8 34. Qd3 Re6 35. Qxb5 Rxe4 36. Bxe4 Rxe4 37. Qa6 Qe7 38. Qxd6 1-0

[Event "GER-ch U14"]
[Site "Willingen"]
[Date "2016.05.15"]
[Round "2"]
[White "Tong, Kevin"]
[Black "Rockmann, Jan Okke"]
[Result "1/2-1/2"]
[WhiteElo "2025"]
[BlackElo "1861"]
[PlyCount "130"]
[EventDate "2016.05.15"]
[EventType "swiss"]
[EventRounds "9"]
[EventCountry "GER"]
[SourceTitle "CBM 172 Extra"]
[Source "ChessBase"]
[SourceDate "2016.06.21"]
[SourceVersion "1"]
[SourceVersionDate "2016.06.21"]
[SourceQuality "1"]

1. e4 e5 2. Nf3 Nc6 3. Bc4 Bc5 4. c3 Nf6 5. d3 a6 6. 0-0 0-0 7. h3 d6 8. Bb3 h6 9. Re1 Ba7 10. Nbd2 Re8 11. Nf1 Be6 12. Bc2 d5 13. exd5 Nxd5 14. Ng3 f6 15. d4 exd4 16. Qd3 Kf8 17. Nxd4 Nxd4 18. cxd4 Nb4 19. Qa3 c5 20. Be4 f5 21. Qf3 Qf6 22. Bxf5 Bxf5 23. Rxe8+ Rxe8 24. Nxf5 cxd4 25. Bd2 Nc6 26. Rc1 Bb8 27. Nh4 Qxf3 28. Nxf3 Rd8 29. Kf1 Kf7 30. Re1 Rd5 31. Ke2 d3+ 32. Kd1 g5 33. Re4 Kf6 34. Re8 Bc7 35. Rh8 Kg6 36. h4 Bd8 37. hxg5 hxg5 38. Bc3 Bf6 39. Bxf6 Kxf6 40. Kd2 g4 41. Ne1 Ne5 42. b3 Rd4 43. Rb8 Re4 44. Kd1 Re2 45. Nxd3 Rxa2 46. Nxe5 Kxe5 47. Rxb7 Rxf2 48. Rb6 Kf4 49. Rxa6 Kg3 50. Ke1 Kxg2 51. Rg6 g3 52. b4 Rb2 53. Rb6 Kh1 54. b5 g2 55. Rh6+ Kg1 56. b6 Rb3 57. Ke2 Rb5 58. Re6 Rb1 59. Rh6 Rb3 60. Re6 Kh2 61. Rh6+ Rh3 62. Rxh3+ Kxh3 63. b7 g1Q 64. b8Q Qh2+ 65. Qxh2+ Kxh2 1/2-1/2

[Event "Niedersachsen-ch op-B"]
[Site "Verden"]
[Date "2016.01.05"]
[Round "5"]
[White "Ebeling, Hans Juergen"]
[Black "Rockmann, Jan Okke"]
[Result "0-1"]
[WhiteElo "1662"]
[BlackElo "1847"]
[PlyCount "66"]
[EventDate "2016.01.03"]
[EventType "swiss"]
[EventRounds "7"]
[EventCountry "GER"]
[SourceTitle "EXT 2018"]
[Source "ChessBase"]
[SourceDate "2017.10.13"]
[SourceVersion "1"]
[SourceVersionDate "2017.10.13"]
[SourceQuality "1"]

1. e4 e5 2. Nf3 Nc6 3. Bc4 Bc5 4. 0-0 Nf6 5. d4 exd4 6. e5 d5 7. exf6 dxc4 8. Re1+ Be6 9. Ng5 Qd5 10. Nc3 Qf5 11. Nce4 0-0-0 12. Nxe6 fxe6 13. Nxc5 Qxc5 14. Rxe6 gxf6 15. Rxf6 Rhg8 16. Qf3 Ne5 17. Qh3+ Kb8 18. Rf5 Rdf8 19. Rxf8+ Rxf8 20. Qg3 Qd5 21. Bf4 Rg8 22. Qxg8+ Qxg8 23. Bxe5 Qd5 24. Re1 b6 25. g4 Qf3 26. Bg3 Qxg4 27. Re7 Qd1+ 28. Kg2 Qxc2 29. Rxc7 Ka8 30. b3 d3 31. Bf4 c3 32. Rc8+ Kb7 33. Rc7+ Ka6 0-1

[Event "GER-ch U14"]
[Site "Willingen"]
[Date "2015.05.28"]
[Round "7"]
[White "Rockmann, Jan Okke"]
[Black "Roseneck, Jonas"]
[Result "0-1"]
[WhiteElo "1866"]
[BlackElo "1910"]
[PlyCount "42"]
[EventDate "2015.05.24"]
[EventType "swiss"]
[EventRounds "9"]
[EventCountry "GER"]
[SourceTitle "CBM 166 Extra"]
[Source "ChessBase"]
[SourceDate "2015.06.18"]
[SourceVersion "1"]
[SourceVersionDate "2015.06.18"]
[SourceQuality "1"]

1. e4 c5 2. Nf3 Nc6 3. d4 cxd4 4. Nxd4 e5 5. Nb5 d6 6. N1c3 a6 7. Na3 b5 8. Nd5 Nge7 9. c4 Nxd5 10. cxd5 Nd4 11. Be3 f5 12. Bxd4 exd4 13. Qxd4 Be7 14. Nxb5 axb5 15. Bxb5+ Kf7 16. 0-0 Bf6 17. Qd2 Qa5 18. Qe2 Ba6 19. exf5 Bxb5 20. Qe6+ Kf8 21. Qxd6+ Be7 0-1

[Event "Wch U12"]
[Site "Durban"]
[Date "2014.09.27"]
[Round "9"]
[White "Rockmann, Jan Okke"]
[Black "Brilej, Jaka"]
[Result "0-1"]
[WhiteElo "1908"]
[BlackElo "1527"]
[PlyCount "66"]
[EventDate "2014.09.20"]
[EventType "swiss"]
[EventRounds "11"]
[EventCountry "RSA"]
[SourceTitle "CBM 162 Extra"]
[Source "ChessBase"]
[SourceDate "2014.10.17"]
[SourceVersion "1"]
[SourceVersionDate "2014.10.17"]
[SourceQuality "1"]

1. d4 d5 2. Nf3 Nf6 3. Nbd2 e6 4. e3 c5 5. Bd3 Nc6 6. b3 Bd6 7. Bb2 0-0 8. 0-0 cxd4 9. exd4 Qc7 10. a3 b6 11. Qe2 Bb7 12. Rae1 Rac8 13. Ne5 Ne7 14. f4 Ng6 15. Ndf3 Nxf4 16. Qe3 Nxd3 17. cxd3 Qc2 18. Bc1 Qc7 19. Ng5 h6 20. Nh3 Qe7 21. Qg3 Kh8 22. Qh4 Bxe5 23. dxe5 Ng8 24. Bg5 Qd7 25. d4 Ba6 26. Rf6 Bd3 27. Rxh6+ Nxh6 28. Bf4 Bg6 29. Bxh6 gxh6 30. Qxh6+ Kg8 31. Re3 Rc1+ 32. Kf2 Rc2+ 33. Ke1 Rfc8 0-1

[Event "GER-ch U12"]
[Site "Magdeburg"]
[Date "2014.06.14"]
[Round "11"]
[White "Kopylov, Daniel"]
[Black "Rockmann, Jan Okke"]
[Result "0-1"]
[WhiteElo "1924"]
[BlackElo "1962"]
[PlyCount "78"]
[EventDate "2014.06.08"]
[EventType "swiss"]
[EventRounds "11"]
[EventCountry "GER"]
[SourceTitle "CBM 160 Extra"]
[Source "ChessBase"]
[SourceDate "2014.07.01"]
[SourceVersion "1"]
[SourceVersionDate "2014.07.01"]
[SourceQuality "1"]

1. e4 c5 2. Nf3 Nc6 3. d4 cxd4 4. Nxd4 Nf6 5. Nc3 d6 6. Bg5 e6 7. f3 Qb6 8. Nb3 Be7 9. Qd2 0-0 10. 0-0-0 a6 11. h4 Rd8 12. g4 Qc7 13. Bf4 b5 14. h5 b4 15. Na4 Ne5 16. Be2 a5 17. Qe3 Qc6 18. Nb6 a4 19. Nxc8 Rdxc8 20. Nd4 Qc5 21. Kb1 Nc4 22. Bxc4 Qxc4 23. Qe2 d5 24. g5 dxe4 25. gxf6 Bxf6 26. Qxe4 b3 27. cxb3 axb3 28. a3 Rd8 29. Ne2 Qc8 30. Rc1 Qa6 31. h6 Bxb2 32. hxg7 h6 33. Rxh6 Bxg7 34. Rg1 Kf8 35. Qb4+ Ke8 36. Nc1 b2 37. Nb3 Qd3+ 38. Ka2 b1Q+ 39. Rxb1 Qc2+ 0-1

[Event "GER-ch U12"]
[Site "Magdeburg"]
[Date "2014.06.12"]
[Round "8"]
[White "Rockmann, Jan Okke"]
[Black "Engel, Luis"]
[Result "1/2-1/2"]
[WhiteElo "1962"]
[BlackElo "2068"]
[PlyCount "129"]
[EventDate "2014.06.08"]
[EventType "swiss"]
[EventRounds "11"]
[EventCountry "GER"]
[SourceTitle "CBM 160 Extra"]
[Source "ChessBase"]
[SourceDate "2014.07.01"]
[SourceVersion "1"]
[SourceVersionDate "2014.07.01"]
[SourceQuality "1"]

1. e4 e6 2. d4 d5 3. Nd2 Nf6 4. Bd3 c5 5. c3 cxd4 6. cxd4 dxe4 7. Nxe4 Nxe4 8. Bxe4 Bb4+ 9. Bd2 Bxd2+ 10. Qxd2 Nd7 11. Ne2 Nf6 12. Bf3 0-0 13. 0-0 Qb6 14. Rac1 Rd8 15. Rc4 Bd7 16. Nc3 Rac8 17. b3 Bc6 18. Qf4 Bxf3 19. Rxc8 Rxc8 20. Qxf3 Qxd4 21. Rd1 Qb6 22. g4 h6 23. Ne4 Nxe4 24. Qxe4 Qc7 25. Qd4 b6 26. Rd2 Kf8 27. Kg2 Qc6+ 28. f3 f6 29. h4 e5 30. Qd3 a5 31. g5 hxg5 32. hxg5 fxg5 33. Qf5+ Kg8 34. Qxg5 e4 35. Rd8+ Rxd8 36. Qxd8+ Kf7 37. fxe4 Qxe4+ 38. Kg3 Qg6+ 39. Kh3 Qe6+ 40. Kg3 Qe1+ 41. Kf4 Qc1+ 42. Kg4 Qg1+ 43. Kf4 Qf2+ 44. Kg4 Qg2+ 45. Kf4 Qc6 46. Kg3 Qf6 47. Qd7+ Kg6 48. Qe8+ Kh7 49. Qh5+ Qh6 50. Qe5 Qg6+ 51. Kh3 Kh6 52. Qe3+ Kh7 53. Qe5 Qd3+ 54. Kh4 Qd8+ 55. Kg3 g6 56. Kg4 Qd7+ 57. Kg3 b5 58. Qe1 a4 59. Qh1+ Kg7 60. Qa1+ Kg8 61. Qf6 Qd3+ 62. Kg4 axb3 63. Qe6+ Kf8 64. axb3 Qd4+ 65. Kg5 1/2-1/2

[Event "GER-ch U12"]
[Site "Magdeburg"]
[Date "2014.06.08"]
[Round "1"]
[White "Koenze, Heike"]
[Black "Rockmann, Jan Okke"]
[Result "0-1"]
[WhiteElo "1503"]
[BlackElo "1962"]
[PlyCount "62"]
[EventDate "2014.06.08"]
[EventType "swiss"]
[EventRounds "11"]
[EventCountry "GER"]
[SourceTitle "CBM 160 Extra"]
[Source "ChessBase"]
[SourceDate "2014.07.01"]
[SourceVersion "1"]
[SourceVersionDate "2014.07.01"]
[SourceQuality "1"]

1. e4 e5 2. Nf3 Nc6 3. Bb5 a6 4. Bxc6 dxc6 5. 0-0 Bd6 6. d4 exd4 7. Qxd4 f6 8. Be3 Ne7 9. Nbd2 b5 10. Nb3 0-0 11. Rad1 Bg4 12. Nbd2 Ng6 13. h3 Be6 14. Nb3 Qe7 15. a3 Bc4 16. Rfe1 Rad8 17. Qc3 Nf4 18. Bxf4 Bxf4 19. Nbd4 Qd7 20. b3 c5 21. bxc4 cxd4 22. Rxd4 Be5 23. Rxd7 Bxc3 24. Rxd8 Rxd8 25. Re3 b4 26. a4 Rd1+ 27. Kh2 Ra1 28. e5 fxe5 29. Nxe5 Rxa4 30. Nc6 Ra2 31. Rf3 h6 0-1

[Event "GER-ch U12"]
[Site "Magdeburg"]
[Date "2014.06.08"]
[Round "2"]
[White "Rockmann, Jan Okke"]
[Black "Wagner, Benjamin"]
[Result "1-0"]
[WhiteElo "1962"]
[BlackElo "1642"]
[PlyCount "51"]
[EventDate "2014.06.08"]
[EventType "swiss"]
[EventRounds "11"]
[EventCountry "GER"]
[SourceTitle "CBM 160 Extra"]
[Source "ChessBase"]
[SourceDate "2014.07.01"]
[SourceVersion "1"]
[SourceVersionDate "2014.07.01"]
[SourceQuality "1"]

1. e4 e5 2. Nf3 Nc6 3. Bc4 Bc5 4. 0-0 d6 5. c3 Nf6 6. d4 exd4 7. cxd4 Bb6 8. Nc3 Nxe4 9. Re1 f5 10. Nxe4 fxe4 11. Rxe4+ Ne7 12. Bg5 d5 13. Rxe7+ Qxe7 14. Bxe7 dxc4 15. Qe2 Kf7 16. Ne5+ Kxe7 17. Ng6+ Kf6 18. Nxh8 Be6 19. Qe5+ Ke7 20. Re1 Rxh8 21. Qxg7+ Kd6 22. Qxh8 Kc6 23. Rxe6+ Kb5 24. Qe5+ Ka6 25. Qc5 c6 26. Qxc4+ 1-0

[Event "Berlin Spring op-A"]
[Site "Berlin"]
[Date "2014.05.03"]
[Round "6"]
[White "Schreiter, Thomas"]
[Black "Rockmann, Jan Okke"]
[Result "1-0"]
[WhiteElo "2041"]
[BlackElo "1850"]
[PlyCount "51"]
[EventDate "2014.05.01"]
[EventType "swiss"]
[EventRounds "7"]
[EventCountry "GER"]
[SourceTitle "CBM 160 Extra"]
[Source "ChessBase"]
[SourceDate "2014.07.01"]
[SourceVersion "1"]
[SourceVersionDate "2014.07.01"]
[SourceQuality "1"]

1. d4 d5 2. c4 e6 3. Nc3 Nf6 4. Bg5 Be7 5. e3 0-0 6. Nf3 h6 7. Bh4 Ne4 8. Bxe7 Qxe7 9. Qc2 f5 10. Ne5 Qf6 11. cxd5 Nxc3 12. Qxc3 exd5 13. Qxc7 f4 14. Qc3 fxe3 15. Qxe3 Nc6 16. Bd3 Bf5 17. Bxf5 Qxf5 18. 0-0 Rae8 19. f4 Nb4 20. Qb3 Nc2 21. Rac1 Nxd4 22. Qxd5+ Ne6 23. g4 Qf6 24. f5 Qg5 25. fxe6 Qe3+ 26. Kh1 1-0

[Event "Bremen-ch op"]
[Site "Bremen"]
[Date "2014.04.17"]
[Round "7"]
[White "Rockmann, Jan Okke"]
[Black "Sommer, Andreas"]
[Result "1-0"]
[WhiteElo "1830"]
[BlackElo "1748"]
[PlyCount "57"]
[EventDate "2014.04.14"]
[EventType "swiss"]
[EventRounds "9"]
[EventCountry "GER"]
[SourceTitle "EXT 2018"]
[Source "ChessBase"]
[SourceDate "2017.10.13"]
[SourceVersion "1"]
[SourceVersionDate "2017.10.13"]
[SourceQuality "1"]

1. d4 Nf6 2. c4 e6 3. Nc3 c5 4. Nf3 cxd4 5. Nxd4 a6 6. g3 Nc6 7. Bg2 Bc5 8. Nb3 Be7 9. 0-0 0-0 10. e4 d6 11. Be3 Ne5 12. Qe2 Qc7 13. Nd2 Rb8 14. Rac1 Nfd7 15. f4 Nc6 16. a3 a5 17. Nb5 Qd8 18. Rfd1 e5 19. Nf3 Qe8 20. Nxd6 Bxd6 21. Rxd6 Qe7 22. Rdd1 Nc5 23. Nh4 Be6 24. f5 Bd7 25. Rd5 Nb3 26. Rf1 f6 27. Nf3 Rfd8 28. Qd3 a4 29. Bb6 1-0

[Event "Bremen-ch op"]
[Site "Bremen"]
[Date "2014.04.16"]
[Round "6"]
[White "Meyer, Irmin"]
[Black "Rockmann, Jan Okke"]
[Result "1-0"]
[WhiteElo "1972"]
[BlackElo "1830"]
[PlyCount "45"]
[EventDate "2014.04.14"]
[EventType "swiss"]
[EventRounds "9"]
[EventCountry "GER"]
[SourceTitle "EXT 2018"]
[Source "ChessBase"]
[SourceDate "2017.10.13"]
[SourceVersion "1"]
[SourceVersionDate "2017.10.13"]
[SourceQuality "1"]

1. e4 e5 2. Nf3 Nc6 3. Bb5 a6 4. Ba4 Nf6 5. d4 exd4 6. 0-0 b5 7. Bb3 Nxe4 8. Re1 d5 9. Nc3 Be6 10. Nxe4 dxe4 11. Rxe4 Be7 12. Bxe6 fxe6 13. Rxe6 Qd7 14. Qe2 0-0 15. Qe4 Bd6 16. Ng5 g6 17. Nxh7 Bxh2+ 18. Kxh2 Qxh7+ 19. Kg1 Rf5 20. Qxc6 Rh5 21. Rxg6+ Kf7 22. Qe6+ Kf8 23. Rf6+ 1-0

[Event "Bremen-ch op"]
[Site "Bremen"]
[Date "2014.04.14"]
[Round "1"]
[White "Koloski, Brigitta"]
[Black "Rockmann, Jan Okke"]
[Result "0-1"]
[WhiteElo "1151"]
[BlackElo "1830"]
[PlyCount "94"]
[EventDate "2014.04.14"]
[EventType "swiss"]
[EventRounds "9"]
[EventCountry "GER"]
[SourceTitle "EXT 2018"]
[Source "ChessBase"]
[SourceDate "2017.10.13"]
[SourceVersion "1"]
[SourceVersionDate "2017.10.13"]
[SourceQuality "1"]

1. Nf3 d5 2. d4 Nf6 3. c3 c5 4. dxc5 e6 5. Bg5 Bxc5 6. e3 Nc6 7. Bb5 0-0 8. 0-0 a6 9. Bxc6 bxc6 10. Ne5 Qd6 11. Bf4 Qd8 12. Nxc6 Qb6 13. Ne5 Qxb2 14. Nd2 Qxc3 15. Rc1 Qa3 16. Qb3 Qxb3 17. Nxb3 Bb6 18. Rc6 Bd8 19. Nc5 Nh5 20. Bg3 Nxg3 21. fxg3 Bg5 22. Rf3 f6 23. Ned7 Bxd7 24. Nxd7 Rfe8 25. h4 Bh6 26. Kf2 e5 27. Ke2 Rec8 28. Rxc8+ Rxc8 29. Kd2 d4 30. Nb6 Bxe3+ 31. Kd3 Rc3+ 32. Ke4 Bg1 33. Nd5 Rc2 34. Rb3 h5 35. Rb8+ Kh7 36. Rb7 Kh6 37. Rb3 Rxa2 38. Nb4 Re2+ 39. Kf3 Re3+ 40. Rxe3 Bxe3 41. Nxa6 f5 42. Nb4 e4+ 43. Ke2 Bg1 44. Kf1 d3 45. Ke1 Bh2 46. Kf2 Bxg3+ 47. Kxg3 d2 0-1

[Event "Bremen-ch op"]
[Site "Bremen"]
[Date "2014.04.14"]
[Round "2"]
[White "Rockmann, Jan Okke"]
[Black "Kosak, Robert"]
[Result "0-1"]
[WhiteElo "1830"]
[BlackElo "2219"]
[PlyCount "62"]
[EventDate "2014.04.14"]
[EventType "swiss"]
[EventRounds "9"]
[EventCountry "GER"]
[SourceTitle "EXT 2018"]
[Source "ChessBase"]
[SourceDate "2017.10.13"]
[SourceVersion "1"]
[SourceVersionDate "2017.10.13"]
[SourceQuality "1"]

1. e4 c6 2. d4 d5 3. exd5 cxd5 4. Bd3 Nc6 5. c3 g6 6. Qc2 Bg7 7. Bf4 Nh6 8. Qd2 Nf5 9. Na3 a6 10. Nc2 Be6 11. Nf3 h6 12. 0-0 Qd7 13. Rfe1 Nd6 14. Ne5 Nxe5 15. dxe5 Nc4 16. Bxc4 dxc4 17. Nd4 g5 18. Bg3 Bd5 19. Rad1 0-0-0 20. b3 e6 21. Qe2 Qc7 22. f4 gxf4 23. Bxf4 Rdg8 24. g3 h5 25. h4 Bh6 26. Bxh6 Rxg3+ 27. Kf1 Rxh6 28. Qf2 Rhg6 29. Rd2 Rh3 30. Qf4 Rg4 31. Qf6 Rh1+ 0-1

[Event "GER-chT Lands U20"]
[Site "Hannover"]
[Date "2013.10.04"]
[Round "4.4"]
[White "Rockmann, Jan Okke"]
[Black "Keller, Peter1111"]
[Result "0-1"]
[WhiteElo "1843"]
[BlackElo "1985"]
[PlyCount "100"]
[EventDate "2013.10.02"]
[EventType "team-swiss"]
[EventRounds "7"]
[EventCountry "GER"]
[SourceTitle "EXT 2014"]
[Source "ChessBase"]
[SourceDate "2013.11.20"]
[SourceVersion "1"]
[SourceVersionDate "2013.11.20"]
[SourceQuality "1"]
[WhiteTeam "Bremen"]
[BlackTeam "Hessen"]
[WhiteTeamCountry "GER"]
[BlackTeamCountry "GER"]

1. e4 e5 2. Nf3 Nc6 3. d4 exd4 4. Nxd4 Nf6 5. Nxc6 bxc6 6. Bd3 d5 7. e5 Ng4 8. 0-0 f6 9. Re1 fxe5 10. h3 Nf6 11. Rxe5+ Kf7 12. Bg5 Rb8 13. Qe2 g6 14. Nd2 h6 15. Bh4 Bd6 16. Nf3 Kg7 17. Re3 Bd7 18. Nd4 Re8 19. Ne6+ Bxe6 20. Rxe6 g5 21. Bg3 Bxg3 22. fxg3 Qd7 23. Rxe8 Rxe8 24. Qf2 a5 25. Rf1 Rf8 26. Qc5 Qd6 27. Qxa5 Qxg3 28. Qe1 Qd6 29. Qf2 Nd7 30. Qd4+ Rf6 31. a4 c5 32. Qe3 c4 33. Rxf6 Nxf6 34. Bf5 Qb6 35. Kf2 Kf8 36. b4 Qxb4 37. Qd4 Qb6 38. Ke3 Ke7 39. a5 Qxd4+ 40. Kxd4 Kd6 41. a6 c5+ 42. Kc3 Kc7 43. Kd2 Kb6 44. Bc8 Ne4+ 45. Ke3 Nd6 46. Be6 d4+ 47. Ke2 Kxa6 48. c3 Kb5 49. Bd7+ Kb6 50. Be6 Ka5 0-1

[Event "GER-chT North U14"]
[Site "Magdeburg"]
[Date "2013.09.15"]
[Round "7.1"]
[White "Boehning, Kilian"]
[Black "Rockmann, Jan Okke"]
[Result "1-0"]
[WhiteElo "1946"]
[BlackElo "1843"]
[PlyCount "109"]
[EventDate "2013.09.12"]
[EventType "team-swiss"]
[EventRounds "7"]
[EventCountry "GER"]
[SourceTitle "EXT 2014"]
[Source "ChessBase"]
[SourceDate "2013.11.20"]
[SourceVersion "1"]
[SourceVersionDate "2013.11.20"]
[SourceQuality "1"]
[WhiteTeam "Hagen"]
[BlackTeam "Bremen Nord"]
[WhiteTeamCountry "GER"]
[BlackTeamCountry "GER"]

1. d4 Nf6 2. e3 c5 3. c3 d5 4. Bd3 Nc6 5. f4 Bg4 6. Nf3 g6 7. 0-0 Bf5 8. Ne5 Bxd3 9. Nxd3 c4 10. Nf2 e6 11. Qf3 Ne7 12. Nd2 Bg7 13. Kh1 h5 14. e4 Qc8 15. Re1 0-0 16. e5 Ne8 17. Nf1 Bh8 18. g3 f5 19. exf6 Nxf6 20. Qe2 Kf7 21. Nd2 Nc6 22. Nf3 Nd8 23. Ne5+ Kg7 24. Qc2 Ne4 25. Nxe4 dxe4 26. Qxe4 Rf6 27. Be3 Nf7 28. Nxf7 Kxf7 29. Rad1 Qc6 30. Qxc6 bxc6 31. b3 cxb3 32. axb3 Rb8 33. b4 Rf5 34. Ra1 a5 35. bxa5 Ra8 36. a6 Rb5 37. Ra2 Bf6 38. Kg2 Bd8 39. h3 Ra5 40. Rea1 Rxa2+ 41. Rxa2 Bb6 42. Kf3 Ke7 43. Ke4 Bc7 44. g4 hxg4 45. hxg4 Ra7 46. Bf2 Bb6 47. Be1 Bc7 48. c4 Bb6 49. Bb4+ Kf7 50. Bc5 Bxc5 51. dxc5 Kf6 52. g5+ Kf7 53. Ke5 Ke7 54. Ra3 Ra8 55. a7 1-0

[Event "GER-chT North U14"]
[Site "Magdeburg"]
[Date "2013.09.14"]
[Round "6.1"]
[White "Scheinhuette, Jakob"]
[Black "Rockmann, Jan Okke"]
[Result "0-1"]
[WhiteElo "1794"]
[BlackElo "1843"]
[PlyCount "38"]
[EventDate "2013.09.12"]
[EventType "team-swiss"]
[EventRounds "7"]
[EventCountry "GER"]
[SourceTitle "EXT 2014"]
[Source "ChessBase"]
[SourceDate "2013.11.20"]
[SourceVersion "1"]
[SourceVersionDate "2013.11.20"]
[SourceQuality "1"]
[WhiteTeam "Berlin Empor"]
[BlackTeam "Bremen Nord"]
[WhiteTeamCountry "GER"]
[BlackTeamCountry "GER"]

1. e4 e5 2. Nf3 Nc6 3. Bb5 a6 4. Ba4 Nf6 5. 0-0 Be7 6. Re1 b5 7. Bb3 0-0 8. h3 Bb7 9. d3 d6 10. c3 Na5 11. Bc2 c5 12. d4 cxd4 13. cxd4 Rc8 14. Nbd2 Qc7 15. Bd3 Rfd8 16. d5 Rb8 17. b3 Qc3 18. Nb1 Qxa1 19. Qd2 b4 0-1

[Event "GER-chT North U14"]
[Site "Magdeburg"]
[Date "2013.09.13"]
[Round "3.1"]
[White "Rockmann, Jan Okke"]
[Black "Gressmann, Moritz"]
[Result "1-0"]
[WhiteElo "1843"]
[BlackElo "1999"]
[PlyCount "68"]
[EventDate "2013.09.12"]
[EventType "team-swiss"]
[EventRounds "7"]
[EventCountry "GER"]
[SourceTitle "EXT 2014"]
[Source "ChessBase"]
[SourceDate "2013.11.20"]
[SourceVersion "1"]
[SourceVersionDate "2013.11.20"]
[SourceQuality "1"]
[WhiteTeam "Bremen Nord"]
[BlackTeam "Weissensee Chemie"]
[WhiteTeamCountry "GER"]
[BlackTeamCountry "GER"]

1. e4 d6 2. d4 Nf6 3. Nc3 g6 4. Be3 Bg7 5. Qd2 0-0 6. f3 Re8 7. 0-0-0 c6 8. h4 b5 9. Nce2 a5 10. Ng3 h5 11. Bh6 Bh8 12. Qg5 Nh7 13. Qe3 e5 14. dxe5 Bxe5 15. Bf4 Qf6 16. Bxe5 dxe5 17. Kb1 b4 18. Bc4 Be6 19. Bxe6 Qxe6 20. Nh3 Qe7 21. Ng5 Nf6 22. Rd2 Nbd7 23. Rhd1 a4 24. Qd3 Nb6 25. Ka1 c5 26. Qb5 Reb8 27. Qc6 b3 28. Rd6 bxc2 29. Rc1 Ne8 30. Rxg6+ fxg6 31. Qxg6+ Qg7 32. Qe6+ Kf8 33. Nxh5 Qd7 34. Qh6+ Ng7 1-0

[Event "GER-ch U12"]
[Site "Oberhof"]
[Date "2013.05.24"]
[Round "10"]
[White "Rockmann, Jan Okke"]
[Black "Mantel, Ruben"]
[Result "1/2-1/2"]
[WhiteElo "1785"]
[BlackElo "1667"]
[PlyCount "80"]
[EventDate "2013.05.19"]
[EventType "swiss"]
[EventRounds "11"]
[EventCountry "GER"]
[SourceTitle "CBM 154 Extra"]
[Source "ChessBase"]
[SourceDate "2013.06.25"]
[SourceVersion "2"]
[SourceVersionDate "2013.06.25"]
[SourceQuality "1"]

1. d4 d5 2. c4 e6 3. Nc3 Nf6 4. e3 Nbd7 5. Nf3 Be7 6. Bd3 0-0 7. Qc2 a6 8. c5 Re8 9. g4 Nf8 10. Ne5 Ng6 11. Bxg6 hxg6 12. h4 Nd7 13. Nf3 c6 14. Bd2 e5 15. 0-0-0 e4 16. Ng5 Nf6 17. f3 exf3 18. h5 Nxg4 19. Nxf7 Kxf7 20. Qxg6+ Kf8 21. e4 Bf6 22. h6 gxh6 23. exd5 cxd5 24. Rdf1 Be6 25. Rxf3 Ke7 26. Rxf6 Nxf6 27. Rxh6 Kd7 28. Qxf6 Qxf6 29. Rxf6 Rf8 30. Nxd5 Rxf6 31. Nxf6+ Kc6 32. b3 Rf8 33. Bg5 Rh8 34. Kb2 Rh2+ 35. Ka3 Rg2 36. Bf4 Rg6 37. Be5 Bd5 38. Nxd5 Kxd5 39. Kb4 Rg2 40. a4 Rf2 1/2-1/2

[Event "GER-ch U12"]
[Site "Oberhof"]
[Date "2013.05.23"]
[Round "8"]
[White "Rockmann, Jan Okke"]
[Black "Engel, Luis"]
[Result "0-1"]
[WhiteElo "1785"]
[BlackElo "1740"]
[PlyCount "74"]
[EventDate "2013.05.19"]
[EventType "swiss"]
[EventRounds "11"]
[EventCountry "GER"]
[SourceTitle "CBM 154 Extra"]
[Source "ChessBase"]
[SourceDate "2013.06.25"]
[SourceVersion "2"]
[SourceVersionDate "2013.06.25"]
[SourceQuality "1"]

1. e4 c5 2. Nc3 d6 3. f4 g6 4. Nf3 Bg7 5. h3 e6 6. Be2 Ne7 7. d4 cxd4 8. Nxd4 Qb6 9. Ndb5 0-0 10. Qxd6 Nbc6 11. Bd2 a6 12. Na3 Rd8 13. Nc4 Qa7 14. Be3 Bd4 15. Bxd4 Qxd4 16. Qxd4 Nxd4 17. 0-0-0 b5 18. Nb6 Rb8 19. Nxc8 Rbxc8 20. Rd2 b4 21. Bxa6 bxc3 22. bxc3 Rxc3 23. Rhd1 Ra8 24. Rxd4 Rxa6 25. Kb2 Rca3 26. Ra1 Nc6 27. Rc4 R3a5 28. a4 Kf8 29. Ka3 Rb6 30. Rd1 Ra8 31. Rc5 Ke7 32. e5 Rd8 33. Rxd8 Kxd8 34. a5 Ra6 35. Ka4 Kc7 36. Kb5 Rxa5+ 37. Kc4 Kb6 0-1

[Event "GER-ch U12"]
[Site "Oberhof"]
[Date "2013.05.21"]
[Round "5"]
[White "Muckle, Julius"]
[Black "Rockmann, Jan Okke"]
[Result "1/2-1/2"]
[WhiteElo "1804"]
[BlackElo "1785"]
[PlyCount "102"]
[EventDate "2013.05.19"]
[EventType "swiss"]
[EventRounds "11"]
[EventCountry "GER"]
[SourceTitle "CBM 154 Extra"]
[Source "ChessBase"]
[SourceDate "2013.06.25"]
[SourceVersion "2"]
[SourceVersionDate "2013.06.25"]
[SourceQuality "1"]

1. d4 Nf6 2. c4 c5 3. d5 e5 4. Nc3 d6 5. e4 Be7 6. f3 0-0 7. Be3 Nbd7 8. Bd3 a6 9. Nge2 Ne8 10. 0-0 Bg5 11. Bf2 g6 12. a3 f5 13. b4 b6 14. Rb1 f4 15. bxc5 bxc5 16. Qa4 Nb8 17. Rb2 Qc7 18. Rfb1 Ng7 19. Qc2 Nd7 20. Na4 Qd8 21. Nb6 Nxb6 22. Rxb6 Ra7 23. R1b2 Ne8 24. Qb1 Bh4 25. Bxh4 Qxh4 26. Rb8 Rc7 27. Nc3 g5 28. Na4 g4 29. Nb6 Bd7 30. Na8 Rc8 31. Rxc8 Bxc8 32. Nb6 Nf6 33. Nxc8 Rxc8 34. fxg4 Nxg4 35. h3 Ne3 36. Rf2 Qg3 37. Qb7 Rf8 38. Qe7 f3 39. Qxf8+ Kxf8 40. Rxf3+ Nf5 41. Rxg3 Nxg3 42. Kf2 Nh5 43. g3 Ke7 44. Kf3 Kf6 45. Bc2 Kg5 46. Ba4 Nf6 47. h4+ Kh5 48. Bc6 Kg6 49. a4 a5 50. g4 h6 51. Bb5 Nh7 1/2-1/2